Learning as an objective within a structured risk management decision process/

Na minha lista:
Detalhes bibliográficos
Autor principal: McDaniels, Timothy L.
Outros Autores: Gregory, Robin.
Formato: Artigo
Idioma:English
Assuntos:
Tags: Adicionar Tag
Sem tags, seja o primeiro a adicionar uma tag!
Thư viện lưu trữ: Thư viện Trường Đại học Đà Lạt
LEADER 00942nam a2200301 4500
001 DLU090094548
005 ##20091201
040 # # |a DLU  |b eng 
041 # # |a eng 
044 # # |a us 
100 # # |a McDaniels, Timothy L.  
245 # # |a Learning as an objective within a structured risk management decision process/  |c Timothy L. McDaniels, Robin Gregory. 
653 # # |a Decision making 
653 # # |a Decision tree analysis 
653 # # |a Environmental management 
653 # # |a Environmental protection 
653 # # |a Risk management 
700 # # |a Gregory, Robin. 
773 # # |t Environmental Science & Technology  |g Vol. 38, no. 7 (April 2004), p. 1921-1926 
920 # # |a Phòng Tạp chí -- Trung tâm Thông tin - Thư viện Trường Đại học Đà Lạt 
994 # # |a DLU 
900 # # |a True 
911 # # |a Trương Bảo Trâm Anh 
925 # # |a G 
926 # # |a A 
927 # # |a BB 
980 # # |a Thư viện Trường Đại học Đà Lạt